000 00891nam a2200265 a 4500
001 1554553
003 CO-ViMGA
005 20230915233605.0
008 170314s2016 sp gr 000 0 spa d
020 _a9584253905
020 _a9789584253903
040 _aCO-ViMGA
_bspa
_cCO-ViMGA
082 0 4 _a863.6
_bB58c1
_219
100 1 _aBlue Jeans.
_97626
245 1 0 _aCanciones para Paula /
_cBlue Jeans.
260 _aBogot :̀
_bEditorial Planeta Colombiana ;
_aBarcelona :
_bEditorial Planeta,
_c2016.
300 _a795 paginas ;
_c23 cm.
490 _aTrilogia Canciones para Paula;
_v1
650 1 4 _aRedes sociales en linea
_v Novela juvenil.
_913589
650 1 4 _aAmistad
_v Novela juvenil.
_92349
650 1 4 _aAmor
_v Novela juvenil.
_92245
650 1 4 _aNovela juvenil española.
_95674
650 1 4 _aTriangulos (Relaciones humanas)
_v Novela juvenil.
_913590
942 _2ddc
_cBK
999 _c37084
_d37084